000 00282nam a2200121Ia 4500
008 191201s2018 xx 000 0 und d
100 _aBROWN, Martin C
245 0 _aPython: The Complete Reference
260 _bTMH
_c2018
300 _a691
650 _aB.Tech(IT)
942 _2ddc
_cBK
999 _c6797
_d6797